| 000 | 00967nas a2200313 4500 | ||
|---|---|---|---|
| 001 | BR2016001436 | ||
| 003 | BR-BrBNA | ||
| 005 | 20231205130256.0 | ||
| 007 | ta | ||
| 008 | 230509b bl.|||p| |||| 00| 00por d | ||
| 040 |
_aBR-BrBNA _bpor _cBiblioteca Nacional de Agricultura |
||
| 041 | _a(Pt) | ||
| 072 | _aF30 | ||
| 100 | 1 | _aCabral, P.D.S. | |
| 100 | 1 | _aAmaral Júnior, A.T. do | |
| 100 | 1 | _aFreitas, I.L. de J. | |
| 100 | 1 | _aRibeiro, R.M. | |
| 100 | 1 | _aSilva, T.R. da C. | |
| 245 | 1 | _aRelação causa e efeito de caracteres quantitativos sobre a capacidade de expansão do grão em milho-pipoca | |
| 650 | _aMILHO PIPOCA | ||
| 650 | _aZEA MAYS | ||
| 650 | _aANALISE | ||
| 650 | _aHIBRIDO | ||
| 650 | _aVARIACAO GENETICA | ||
| 650 | _aSELECAO GENOTIPA | ||
| 773 | 0 |
_tRevista Ciência Agronômica (Brazil) _xISSN 0045-6888 _g(Jan-Mar 2016), v. 47(1) p. 108-117 _wBR2016001436 |
|
| 909 |
_a202311 _bLúcia _c55 _dLúcia Elande |
||
| 942 |
_2AGRIS _n0 _cANA |
||
| 999 |
_c248592 _d248592 |
||